书目信息 |
| 题名: |
后奥运时代的中国体育
|
|
| 作者: | 张新萍 著 | |
| 分册: | ||
| 出版信息: | 广州 中山大学出版社 2009.01 |
|
| 页数: | 230页 | |
| 开本: | 23cm | |
| 丛书名: | ||
| 单 册: | ||
| 中图分类: | G812 | |
| 科图分类: | ||
| 主题词: | 体育事业--ti yu shi ye--研究--中国 | |
| 电子资源: | ||
| ISBN: | 978-7-306-03239-3 | |
| 000 | 01200nam0 2200253 450 | |
| 001 | 012009810296 | |
| 005 | 20090917195758.79 | |
| 010 | @a978-7-306-03239-3@dCNY33.00 | |
| 100 | @a20090917d2009 em y0chiy0120 ea | |
| 101 | 0 | @achi |
| 102 | @aCN@b440000 | |
| 105 | @aa a 000yy | |
| 106 | @ar | |
| 200 | 1 | @a后奥运时代的中国体育@Ahou ao yun shi dai de zhong guo ti yu@d= Publish under the financial from springfied college@f张新萍著@Fzhang xin ping zhu@zeng |
| 210 | @a广州@c中山大学出版社@d2009.01 | |
| 215 | @a230页@c图@d23cm | |
| 320 | @a有书目 (第217-227页) | |
| 330 | @a本书以中国体育改革与发展为主线,以2008年北京奥运会为发展过程中的重要契机,通过对30年中国体育改革历程的回顾,深入分析中国体育改革与发展中存在的委托,通过借鉴若干奥运会举办国举办奥运会对于本国体育改革与发展的影响,分析北京奥运会对中国体育改革与发展的可能影响,并进一步考察2008年后中国政治、经济、社会和世界体育发展趋势等外部环境,分析在此北京下中国体育改的的趋向。 | |
| 510 | 1 | @aPublish under the financial from springfied college@zeng |
| 606 | 0 | @a体育事业@Ati yu shi ye@x研究@y中国 |
| 690 | @aG812@v4 | |
| 701 | 0 | @a张新萍@Azhang xin ping@4著 |
| 801 | 0 | @aCN@bQSSK@c20090917 |
| 905 | @b754908-10@dG812@eZ214@f3 | |
| 后奥运时代的中国体育= Publish under the financial from springfied college/张新萍著.-广州:中山大学出版社,2009.01 |
| 230页:图;23cm |
| ISBN 978-7-306-03239-3:CNY33.00 |
| 本书以中国体育改革与发展为主线,以2008年北京奥运会为发展过程中的重要契机,通过对30年中国体育改革历程的回顾,深入分析中国体育改革与发展中存在的委托,通过借鉴若干奥运会举办国举办奥运会对于本国体育改革与发展的影响,分析北京奥运会对中国体育改革与发展的可能影响,并进一步考察2008年后中国政治、经济、社会和世界体育发展趋势等外部环境,分析在此北京下中国体育改的的趋向。 |
| ● |
| 相关链接 |
|
|
|
正题名:后奥运时代的中国体育
索取号:G812/Z214
 
预约/预借
| 序号 | 登录号 | 条形码 | 馆藏地/架位号 | 状态 | 备注 |
| 1 | 754908 | 207549081 | 社科二线422/422社科库 40排4列2层/ [索取号:G812/Z214] | 在馆 | |
| 2 | 754909 | 207549090 | 社科库409/409社科库 21排2列4层/ [索取号:G812/Z214] | 在馆 | |
| 3 | 754910 | 207549107 | 社科库409/409社科库 21排2列4层/ [索取号:G812/Z214] | 在馆 |